Największe miasto w Polsce, które... - Statystyki

Ogólne statystyki
  • Ten quiz został rozwiązany 3 913 razy
    3 754 od ostatniego zresetowania
  • Średni wynik to 4 z 10
Statystyki odpowiedzi
Największe miasto w Polsce, które... Odpowiedź % Poprawnych
jest położone bezpośrednio przy morzu Gdańsk
85%
jest położone nad Wisłą Warszawa
85%
jest położone nad Odrą Wrocław
80%
jest położone nad Wartą Poznań
79%
leży w województwie, którego siedzibę stanowią dwa miasta Bydgoszcz
75%
zaczyna się na R Radom
74%
zaczyna się na C Częstochowa
72%
zaczyna się na O Olsztyn
72%
zaczyna się na T Toruń
71%
leży na autostradzie A4 Kraków
70%
jest w województwie zachodniopomorskim i leży bezpośrednio przy morzu Kołobrzeg
69%
leży na tzw. Ziemiach Odzyskanych Wrocław
66%
zaczyna się na I Inowrocław
65%
nie zawiera litery A w swojej nazwie Łódź
65%
leży w całości na zachód od Wisły Wrocław
65%
zaczyna się na Z Zabrze
65%
leży w całości na wschód od Wisły Lublin
64%
ma 3 litery w nazwie Ełk
62%
ma nazwę złożoną z dwóch oddzielnych wyrazów Zielona Góra
61%
jest w całości położone na wyspach Świnoujście
59%
rozpoczyna się tą samą literą, co jedno z polskich miast większych od niego Wrocław
59%
ma nazwę złożoną z dwóch członów połączonych myślnikiem Bielsko-Biała
57%
nie posiada lotniska międzynarodowego Białystok
56%
nie jest miastem wojewódzkim Gdynia
56%
ma nazwę będącą jednocześnie pospolitym słowem Łódź
55%
jest zlokalizowane w promieniu co najwyżej 10 km od parku narodowego Warszawa
55%
leży w top 5 województw o najmniejszej populacji Białystok
54%
hostowało siatkarskie Mistrzostwa Świata mężczyzn w 2022 roku Katowice
54%
posiada tablice rejestracyjne rozpoczynające się od samogłoski Łódź
54%
leży w konurbacji górnośląsko-zagłębiowskiej (oprócz Katowic) Sosnowiec
54%
ma kolor w nazwie Białystok
53%
zaczyna się na D Dąbrowa Górnicza
53%
ma nazwę rozpoczynającą się od samogłoski Olsztyn
53%
nie posiadał nigdy klubu piłkarskiego w Ekstraklasie (lub jej poprzednikach) Zielona Góra
53%
ma więcej liter w swojej nazwie, niż Warszawa Bydgoszcz
52%
ma więcej sylab w swojej nazwie, niż Warszawa Katowice
48%
jeśli będziesz się poruszać na wschód, to pierwszym krajem, do którego dotrzesz, nie będzie ani Białoruś, ani Ukraina Gdańsk
47%
zawiera literę U w swojej nazwie Lublin
47%
jest "podlaskie" Biała Podlaska
46%
wszystkie litery w nazwie są unikalne Łódź
46%
ma populację mniejszą, niż w 2002 roku Łódź
46%
leży w strefie nadgranicznej (przez bliskość innego państwa, nie morza) Szczecin
46%
nie posiada sklepu Dino Warszawa
46%
jest "wielkopolskie" Gorzów Wielkopolski
45%
zaczyna się na J Jaworzno
45%
jest miastem satelickim Warszawy Pruszków
44%
zaczyna się na N Nowy Sącz
42%
leży na obszarze nienależącym do Polski w roku 1000 Białystok
39%
jest "świętokrzyskie" Ostrowiec Świętokrzyski
37%
jeśli będziesz się poruszać na południe, to pierwszym krajem, do którego dotrzesz, nie będą ani Czechy, ani Słowacja Szczecin
37%
hostowało siatkarskie Mistrzostwa Świata kobiet w 2022 roku Łódź
35%
zaczyna się na M Mysłowice
35%
ma nazwę w liczbie mnogiej Katowice
34%
jest "śląskie" Ruda Śląska
33%
jest położone na południku 20°E Kraków
32%
jest "mazowieckie" Tomaszów Mazowiecki
32%
nie posiada miasta partnerskiego, które jest w Polsce Warszawa
31%
jest częścią konurbacji Gdańsk
30%
ma w swoim herbie dwie korony Kraków
30%
ma jednocześnie więcej sylab i więcej liter w swojej nazwie, niż Warszawa Częstochowa
29%
jest "gdańskie" Starogard Gdański
29%
jest "opolskie" Strzelce Opolskie
27%
jest położone w większości na południe od Krakowa Bielsko-Biała
26%
jest "łódzkie" Aleksandrów Łódzki
25%
ma mniej, niż 200 000 mieszkańców Toruń
25%
nie posiada autostrady w swoich granicach administracyjnych Warszawa
25%
leży w województwie nazwanym od miasta innego, niż to miasto Zielona Góra
25%
w całości zawiera się w nazwie innego miasta w Polsce Wrocław
24%
ma w swoim herbie kolor zielony Lublin
23%
nie posiada drogi ekspresowej w swoich granicach administracyjnych Białystok
21%
nie zawiera żadnej litery z angielskiej nazwy Polski Rzeszów
21%
ma w swoim herbie człowieka Wrocław
21%
ma mniej, niż 150 000 mieszkańców Zielona Góra
21%
jeśli będziesz się poruszać na zachód, to pierwszym krajem, do którego dotrzesz, nie będą ani Niemcy, ani Czechy Nowy Sącz
20%
nie posiada ulicy, placu, ani alei "Niepodległości" Gdańsk
19%
wszystkie litery w jego nazwie są w alfabecie przed literą M Kielce
19%
jest "lubelskie" Tomaszów Lubelski
19%
leży w całości na lewym brzegu Odry Wałbrzych
19%
ma w swojej nazwie jednostkę powierzchni Warszawa
19%
nie posiada dworca kolejowego Jastrzębie-Zdrój
18%
nazywa się identycznie, jak inne miasto w Polsce Olsztyn
18%
nie zostało nigdy odwiedzone przez autora tego quizu Katowice
17%
nie ma w tablicy rejestracyjnej pierwszej litery swojej nazwy Bytom
16%
jest "kujawskie" Solec Kujawski
16%
wszystkie litery w jego nazwie są w alfabecie za literą Ł Toruń
16%
jest "kłodzkie" Bystrzyca Kłodzka
15%
jest "krajeńskie" Strzelce Krajeńskie
15%
ma nazwę złożoną z dwóch członów lub wyrazów, gdzie jeden z nich jest określeniem krainy geograficznej lub historycznej Ruda Śląska
14%
jest "białostockie" Czarna Białostocka
13%
ma mniej, niż 100 000 mieszkańców Kalisz
13%
ma w nazwie rzekę jako osobne słowo Nakło nad Notecią
11%
jest siedzibą powiatu, którego nazwa jest identyczna z nazwą innego powiatu Bielsko-Biała
10%
jest "pomorskie" Drawsko Pomorskie
10%
ma dwie tarcze herbowe Bielsko-Biała
8%
jest położone bezpośrednio przy granicy państwa, nie licząc linii brzegowej Jastrzębie-Zdrój
8%
nie jest miastem na prawach powiatu Piła
8%
jest "małopolskie" Sędziszów Małopolski
8%
nie jest siedzibą żadnego powiatu Rumia
7%
jeśli będziesz się poruszać na północ, to pierwszym krajem, do którego dotrzesz, nie będzie ani Szwecja, ani Rosja Łódź
6%
nie posiada drogi krajowej Mielec
6%
jest położone na południku 15°E Stargard
6%
ma nazwę w rodzaju nijakim Zabrze
6%
nie ma tablicy rejestracyjnej składającej się z dwóch liter Jastrzębie-Zdrój
4%
nie posiada McDonalda Siemianowice Śląskie
4%
ma burmistrza jako swój główny organ władzy wykonawczej Tarnowskie Góry
3%
uzyskało lub odzyskało prawa miejskie w XXI wieku Boguchwała
1%
Nie znaleziono quizów pasujących do podanych kryteriów
Rozkład punktacji
Procent ludzi z każdym wynikiem
Percentyl według liczby udzielonych odpowiedzi
Twoja historia wyników
Nie rozwiązałeś tego quizu od ostatniego zresetowania